| 000 | 00396nam a22001457a 4500 | ||
|---|---|---|---|
| 003 | SGT | ||
| 082 |
_a616.07 _bE23A |
||
| 100 | _aANJUM, NAGHMA | ||
| 245 | _aEXPRESSION OF IMMUNOHISTOCHEMICAL MARKERS ki-67 AND p16 IN CERVICAL INTRAPITHELIAL NEOPLASIA AND CARCINOMA CERVIX | ||
| 260 |
_aGURUGRAM _bSGT UNIVERSITY _c2023 |
||
| 300 | _a73 | ||
| 650 | _aPATHOLOGY | ||
| 653 | _aM.D | ||
| 942 |
_2ddc _cTH |
||
| 999 |
_c26601 _d26601 |
||